[Event "EU-ch (Women) 24th"]
[Site "Rhodes"]
[Date "2024.04.25"]
[Round "6"]
[White "Rudzinska, Michalina"]
[Black "Mammadzada, Gunay Vuqar Qizi"]
[Result "0-1"]
[WhiteElo "2302"]
[BlackElo "2436"]
[PlyCount "80"]
[EventDate "2024.04.19"]
[EventType "swiss"]
[EventRounds "10"]
[EventCountry "GRE"]
[SourceTitle "CB18_2024"]
[SourceDate "2024.05.01"]
[SourceVersion "1"]
[SourceVersionDate "2024.05.01"]
[SourceQuality "2"]

1. e4 e5 2. Nf3 Nc6 3. d4 exd4 4. Nxd4 Nf6 5. Nxc6 bxc6 6. Bd3 d5 7. exd5 cxd5 8. 0-0 Be7 9. c4 0-0 10. Nc3 d4 11. Ne4 Ng4 12. Ng3 Bd6 13. h3 Nf6 14. Nf5 Bxf5 15. Bxf5 g6 16. Bc2 Nh5 17. Bh6 Re8 18. Qg4 Qf6 19. Rfe1 Bf4 20. Bxf4 Nxf4 21. Be4 h5 22. Qf3 Rab8 23. b3 Re5 24. Bd3 Rg5 25. Bf1 Rf5 26. Qe4 Ne6 27. f3 h4 28. Rad1 c5 29. Qc6 Rg5 30. Kh1 Kg7 31. Re4 Rd8 32. Qb7 Nf4 33. Re7 d3 34. Rd7 Re8 35. Bxd3 Rxg2 36. Bf1 Rf2 37. Qc7 Qf5 38. Rxf7+ Qxf7 39. Qxc5 Rxf3 40. Qb5 Nxh3 0-1

[Event "EU-ch (Women) 24th"]
[Site "Rhodes"]
[Date "2024.04.21"]
[Round "3"]
[White "Wagner, Dinara"]
[Black "Rudzinska, Michalina"]
[Result "1-0"]
[WhiteElo "2453"]
[BlackElo "2302"]
[PlyCount "47"]
[EventDate "2024.04.19"]
[EventType "swiss"]
[EventRounds "10"]
[EventCountry "GRE"]
[SourceTitle "CB18_2024"]
[SourceDate "2024.05.01"]
[SourceVersion "1"]
[SourceVersionDate "2024.05.01"]
[SourceQuality "2"]

1. d4 Nf6 2. c4 e6 3. Nf3 b6 4. a3 Bb7 5. Nc3 d5 6. Qc2 dxc4 7. e4 c5 8. Bf4 a6 9. 0-0-0 Nbd7 10. d5 b5 11. g3 Qb6 12. Bh3 Be7 13. dxe6 fxe6 14. Ng5 Nf8 15. Rhe1 h6 16. e5 hxg5 17. exf6 gxf6 18. Rxe6 Nxe6 19. Qg6+ Kf8 20. Bd6 Nd4 21. Qxf6+ Kg8 22. Qg6+ Kf8 23. Bxe7+ Kxe7 24. Qxb6 1-0

[Event "Swiss Queens Wed #8"]
[Site "FIDE Online Arena INT"]
[Date "2024.03.20"]
[Round "4"]
[White "Rudzinska, Michalina"]
[Black "Babiy, Olga"]
[Result "1-0"]
[WhiteElo "2302"]
[BlackElo "2303"]
[PlyCount "123"]
[EventDate "2024.03.20"]
[EventType "swiss (blitz)"]
[EventRounds "11"]
[EventCountry "NET"]
[SourceTitle "CB13_2024"]
[SourceDate "2024.03.27"]
[SourceVersion "1"]
[SourceVersionDate "2024.03.27"]
[SourceQuality "1"]

1. e4 c6 2. Nf3 d5 3. Nc3 dxe4 4. Nxe4 Nf6 5. Qe2 Nxe4 6. Qxe4 Qa5 7. b4 Qf5 8. Qe3 Qe6 9. Be2 Qxe3 10. fxe3 f6 11. c4 Bf5 12. d4 e6 13. a3 a5 14. b5 cxb5 15. cxb5 Nd7 16. 0-0 Rc8 17. Bd2 b6 18. Rfc1 Kd8 19. a4 Bd6 20. Be1 Ke7 21. Nd2 Bb4 22. Bf3 Rc2 23. e4 Rxd2 24. exf5 Rxd4 25. fxe6 Ne5 26. Bf2 Nxf3+ 27. gxf3 Rd6 28. Rc7+ Kxe6 29. Rxg7 Rc8 30. Rxh7 Rc2 31. Rb7 Rdd2 32. Bg3 Bc5+ 33. Kh1 Kf5 34. Re1 Ra2 35. Rh7 Rxa4 36. Rh5+ Kg6 37. Rh8 Rb4 38. Rg8+ Kf5 39. h4 Rxb5 40. h5 Rb3 41. h6 Bf2 42. Bxf2 Rxf2 43. h7 Rfxf3 44. h8Q Rh3+ 45. Qxh3+ Rxh3+ 46. Kg2 Rb3 47. Rf1+ Ke5 48. Re8+ Kd5 49. Rd1+ Kc6 50. Re6+ Kb5 51. Rdd6 Kc5 52. Rc6+ Kd5 53. Red6+ Ke5 54. Rxb6 Rc3 55. Rxf6 a4 56. Ra6 a3 57. Rfe6+ Kd5 58. Reb6 Rd3 59. Rb5+ Kc4 60. Rba5 Rd2+ 61. Kf3 Rd3+ 62. Ke2 1-0

[Event "Swiss Queens Wed #8"]
[Site "FIDE Online Arena INT"]
[Date "2024.03.20"]
[Round "9"]
[White "Rudzinska, Michalina"]
[Black "Buksa, Nataliya"]
[Result "0-1"]
[WhiteElo "2302"]
[BlackElo "2388"]
[PlyCount "88"]
[EventDate "2024.03.20"]
[EventType "swiss (blitz)"]
[EventRounds "11"]
[EventCountry "NET"]
[SourceTitle "CB13_2024"]
[SourceDate "2024.03.27"]
[SourceVersion "1"]
[SourceVersionDate "2024.03.27"]
[SourceQuality "1"]

1. e4 c5 2. Nf3 Nc6 3. d4 cxd4 4. Nxd4 e5 5. Nb5 d6 6. c4 a6 7. N5c3 Be7 8. Nd5 Be6 9. Nbc3 Nf6 10. Bd3 Nd7 11. 0-0 0-0 12. Be3 Nc5 13. Bc2 a5 14. b3 Bg5 15. Nb5 Bxe3 16. Nxe3 Nb4 17. Nxd6 Nxc2 18. Nxc2 Ra6 19. Nb5 Nxe4 20. Qe2 Bf5 21. Ne3 Bg6 22. Nd5 a4 23. f3 Nf6 24. Rad1 Nxd5 25. Rxd5 Qb6+ 26. Kh1 axb3 27. axb3 f6 28. Rfd1 Bf7 29. Rd7 Be8 30. Re7 Bxb5 31. cxb5 Raa8 32. h3 Rfd8 33. Rxd8+ Rxd8 34. Kh2 Kh8 35. Qc4 Rg8 36. Qd5 h6 37. Rxb7 Qe3 38. Qe4 Qxb3 39. b6 Rd8 40. Qg6 Rg8 41. Qf7 Qb4 42. Qg6 Qf4+ 43. Qg3 Qb4 44. Rb8 Rxb8 0-1

[Event "Swiss Queens Wed #8"]
[Site "FIDE Online Arena INT"]
[Date "2024.03.20"]
[Round "11"]
[White "Rudzinska, Michalina"]
[Black "Ismayil, Malak"]
[Result "1-0"]
[WhiteElo "2302"]
[BlackElo "2200"]
[PlyCount "53"]
[EventDate "2024.03.20"]
[EventType "swiss (blitz)"]
[EventRounds "11"]
[EventCountry "NET"]
[SourceTitle "CB13_2024"]
[SourceDate "2024.03.27"]
[SourceVersion "1"]
[SourceVersionDate "2024.03.27"]
[SourceQuality "1"]

1. e4 e5 2. Nf3 Nc6 3. Nc3 Nf6 4. Bb5 d6 5. d4 exd4 6. Nxd4 Bd7 7. 0-0 Be7 8. Re1 0-0 9. Bf1 h6 10. b3 Re8 11. Bb2 Ng4 12. Nd5 Nge5 13. f4 Ng6 14. Nf5 Bf8 15. Nxh6+ gxh6 16. Nf6+ Kh8 17. Nxe8+ Kh7 18. Nf6+ Kh8 19. Nxd7+ Kh7 20. Nxf8+ Qxf8 21. Qh5 Re8 22. Bd3 Nxf4 23. Qf5+ Ng6 24. Re3 Nce5 25. Rf1 Re7 26. Rh3 Qg7 27. Bc1 1-0

[Event "Swiss Queens Wed #8"]
[Site "FIDE Online Arena INT"]
[Date "2024.03.20"]
[Round "8"]
[White "Tripurambika, V."]
[Black "Rudzinska, Michalina"]
[Result "0-1"]
[WhiteElo "1626"]
[BlackElo "2302"]
[PlyCount "100"]
[EventDate "2024.03.20"]
[EventType "swiss (blitz)"]
[EventRounds "11"]
[EventCountry "NET"]
[SourceTitle "CB13_2024"]
[SourceDate "2024.03.27"]
[SourceVersion "1"]
[SourceVersionDate "2024.03.27"]
[SourceQuality "1"]

1. d4 Nf6 2. Nc3 d5 3. Bf4 a6 4. e3 e6 5. Nf3 Bd6 6. Bg3 c5 7. Bd3 Qc7 8. dxc5 Qxc5 9. Bxd6 Qxd6 10. 0-0 Nc6 11. Be2 Qc7 12. Nd4 0-0 13. Nb3 Rd8 14. Bf3 b5 15. a3 Ne5 16. Qe2 Bb7 17. Nd4 Nc4 18. Nd1 e5 19. Nb3 e4 20. Bg4 Ne5 21. Bh3 h5 22. Nc3 Nfg4 23. Bxg4 Nxg4 24. g3 g6 25. Nd4 Ne5 26. Kg2 Bc8 27. f4 exf3+ 28. Nxf3 Bg4 29. h3 Bxf3+ 30. Rxf3 Nxf3 31. Qxf3 Qe5 32. Rd1 Rac8 33. Rd3 d4 34. exd4 Rxd4 35. Re3 Rd2+ 36. Kf1 Qd4 37. Re2 Rxe2 38. Qxe2 Rd8 39. Kg2 Qd2 40. Kf3 Qc1 41. Ne4 Qxb2 42. Qf2 Qe5 43. Nc5 Qf5+ 44. Kg2 Qxf2+ 45. Kxf2 Rd2+ 46. Ke3 Rxc2 47. Nxa6 Rc3+ 48. Kf4 Rxa3 49. Nb4 Ra4 50. Ke5 Rxb4 0-1

[Event "Swiss Queens Wed #5"]
[Site "FIDE Online Arena INT"]
[Date "2024.02.28"]
[Round "4"]
[White "Rudzinska, Michalina"]
[Black "Devanshi, Rathi"]
[Result "1-0"]
[WhiteElo "2241"]
[BlackElo "1559"]
[PlyCount "27"]
[EventDate "2024.02.28"]
[EventType "swiss (blitz)"]
[EventRounds "11"]
[EventCountry "NET"]
[SourceTitle "CB10_2024"]
[SourceDate "2024.03.06"]
[SourceVersion "1"]
[SourceVersionDate "2024.03.06"]
[SourceQuality "1"]

1. e4 e5 2. Nf3 Nc6 3. Nc3 Nf6 4. Bb5 d6 5. d4 exd4 6. Nxd4 Bd7 7. 0-0 Nxd4 8. Bxd7+ Qxd7 9. Qxd4 Be7 10. Bf4 0-0 11. Rad1 a6 12. e5 Nh5 13. exd6 Nxf4 14. dxe7 1-0

[Event "Swiss Queens Wed #3"]
[Site "FIDE Online Arena INT"]
[Date "2024.02.14"]
[Round "3"]
[White "Vidruska, Renate"]
[Black "Rudzinska, Michalina"]
[Result "1-0"]
[WhiteElo "1963"]
[BlackElo "2241"]
[PlyCount "77"]
[EventDate "2024.02.14"]
[EventType "swiss (blitz)"]
[EventRounds "11"]
[EventCountry "NET"]
[SourceTitle "CB08_2024"]
[SourceDate "2024.02.21"]
[SourceVersion "1"]
[SourceVersionDate "2024.02.21"]
[SourceQuality "1"]

1. e4 c6 2. d4 d5 3. exd5 cxd5 4. Nf3 Nf6 5. c3 Nc6 6. Bd3 g6 7. 0-0 Bf5 8. Re1 Bxd3 9. Qxd3 Bg7 10. Bf4 0-0 11. Nbd2 a6 12. h3 Rc8 13. a3 b5 14. b4 Nd7 15. Nb3 h6 16. a4 Qb6 17. axb5 axb5 18. Nc5 Nxc5 19. bxc5 Qb7 20. Reb1 Ra8 21. Rxa8 Rxa8 22. Rxb5 Qd7 23. Rb6 Na5 24. Rb1 Nc4 25. Nd2 Kh7 26. Nxc4 dxc4 27. Qe4 Ra6 28. Kh2 Re6 29. Qb7 Qa4 30. d5 Rf6 31. Bg3 Qc2 32. c6 Rf5 33. c7 Be5 34. Bxe5 Rxf2 35. Rg1 Qf5 36. c8Q Qxe5+ 37. Kh1 Qg3 38. Qbb8 Qxc3 39. Qg8# 1-0

[Event "Swiss Queens Wed #2"]
[Site "FIDE Online Arena INT"]
[Date "2024.02.07"]
[Round "8"]
[White "Michelle, Catherina P"]
[Black "Rudzinska, Michalina"]
[Result "0-1"]
[WhiteElo "2156"]
[BlackElo "2241"]
[PlyCount "56"]
[EventDate "2024.02.07"]
[EventType "swiss (blitz)"]
[EventRounds "11"]
[EventCountry "NET"]
[SourceTitle "CB07_2024"]
[SourceDate "2024.02.14"]
[SourceVersion "1"]
[SourceVersionDate "2024.02.14"]
[SourceQuality "1"]

1. d4 Nf6 2. Nc3 d5 3. Bf4 a6 4. e3 Bf5 5. Nf3 e6 6. Ne5 Bd6 7. Bd3 0-0 8. Bg3 Bxd3 9. cxd3 Nbd7 10. 0-0 c5 11. Nxf7 Rxf7 12. Bxd6 cxd4 13. exd4 Qb6 14. Be5 Nxe5 15. dxe5 Qxb2 16. Qe1 Ng4 17. Rb1 Qa3 18. Rb3 Qc5 19. h3 Nh6 20. Na4 Qa7 21. Nb6 Raf8 22. Qc3 Nf5 23. d4 Qb8 24. Rb2 Qd8 25. Rc1 Qg5 26. Qd2 Qg6 27. Nc8 Nh4 28. Qc2 Qxg2# 0-1

[Event "Swiss Queens Wed #2"]
[Site "FIDE Online Arena INT"]
[Date "2024.02.07"]
[Round "9"]
[White "Rudzinska, Michalina"]
[Black "Balabayeva, Kseniya"]
[Result "0-1"]
[WhiteElo "2241"]
[BlackElo "2282"]
[PlyCount "96"]
[EventDate "2024.02.07"]
[EventType "swiss (blitz)"]
[EventRounds "11"]
[EventCountry "NET"]
[SourceTitle "CB07_2024"]
[SourceDate "2024.02.14"]
[SourceVersion "1"]
[SourceVersionDate "2024.02.14"]
[SourceQuality "1"]

1. e4 e6 2. d4 d5 3. Bd3 c5 4. exd5 Qxd5 5. Nc3 Qd8 6. Nf3 Nc6 7. Be3 cxd4 8. Nxd4 Bd7 9. 0-0 Nf6 10. h3 Be7 11. Nce2 0-0 12. c3 e5 13. Nf5 e4 14. Nxe7+ Nxe7 15. Bc4 Qc8 16. Bb3 Ng6 17. Bd4 Bxh3 18. gxh3 Qxh3 19. Bxf6 gxf6 20. Qd6 Qg4+ 21. Ng3 f5 22. Qd7 Nh4 23. Kh2 Rad8 24. Bd1 Rxd7 25. Bxg4 fxg4 26. Nxe4 f5 27. Nc5 Rd5 28. Nb3 f4 29. Rad1 Rfd8 30. Nd4 Nf3+ 31. Kg2 Nxd4 32. cxd4 Rxd4 33. Rxd4 Rxd4 34. Rc1 Rd2 35. b3 g3 36. Rc8+ Kg7 37. Rc7+ Kg6 38. Rxb7 Rxf2+ 39. Kg1 Rxa2 40. Rb8 Kf5 41. Rg8 Ke4 42. Rc8 Kf3 43. Rc3+ Kg4 44. Rc8 Kh3 45. Rc1 f3 46. b4 Rg2+ 47. Kh1 Rh2+ 48. Kg1 f2+ 0-1

[Event "Swiss Queens Wed #2"]
[Site "FIDE Online Arena INT"]
[Date "2024.02.07"]
[Round "3"]
[White "Rudzinska, Michalina"]
[Black "Khamdamova, Afruza"]
[Result "1-0"]
[WhiteElo "2241"]
[BlackElo "2327"]
[PlyCount "93"]
[EventDate "2024.02.07"]
[EventType "swiss (blitz)"]
[EventRounds "11"]
[EventCountry "NET"]
[SourceTitle "CB07_2024"]
[SourceDate "2024.02.14"]
[SourceVersion "1"]
[SourceVersionDate "2024.02.14"]
[SourceQuality "1"]

1. e4 e5 2. Nf3 Nc6 3. Nc3 Nf6 4. Bb5 Bc5 5. 0-0 0-0 6. Nxe5 Nxe5 7. d4 Bd6 8. f4 Neg4 9. h3 Nh6 10. e5 Bb4 11. exf6 Qxf6 12. a3 Bxc3 13. bxc3 c6 14. Bd3 d5 15. Qf3 Nf5 16. Bd2 Bd7 17. g4 Nh4 18. Qg3 Ng6 19. f5 Nh8 20. g5 Qd8 21. f6 Ng6 22. h4 Qb8 23. Qf2 Bh3 24. fxg7 Kxg7 25. Qf6+ Kg8 26. Rf3 Bg4 27. Raf1 Bxf3 28. Rxf3 Qd8 29. h5 Qxf6 30. gxf6 Rae8 31. hxg6 fxg6 32. Bh6 Rf7 33. Bg7 b5 34. Rh3 Re6 35. Kg2 a5 36. Kg3 Re3+ 37. Kg4 Rxh3 38. Kxh3 Rb7 39. Be2 Kf7 40. Bg4 Rb8 41. Bd7 Rb6 42. Kg4 Ra6 43. Kg5 h5 44. Kf4 Rb6 45. Ke5 b4 46. Be6+ Ke8 47. f7+ 1-0

[Event "EU-ch Rapid (Women)"]
[Site "Monaco"]
[Date "2024.01.14"]
[Round "7"]
[White "Navrotescu, Andreea Cristiana"]
[Black "Rudzinska, Michalina"]
[Result "1-0"]
[WhiteElo "2222"]
[BlackElo "2241"]
[PlyCount "129"]
[EventDate "2024.01.13"]
[EventType "swiss (rapid)"]
[EventRounds "11"]
[EventCountry "MNC"]
[SourceTitle "CB03_2024"]
[SourceDate "2024.01.17"]
[SourceVersion "1"]
[SourceVersionDate "2024.01.17"]
[SourceQuality "1"]

1. d4 Nf6 2. c4 e6 3. Nc3 Bb4 4. e3 0-0 5. Bd2 b6 6. Nf3 Bb7 7. Bd3 d6 8. 0-0 Bxc3 9. Bxc3 Ne4 10. Bxe4 Bxe4 11. d5 e5 12. Ne1 Nd7 13. f3 Bg6 14. f4 f5 15. Nf3 Bh5 16. fxe5 dxe5 17. Qc2 Bxf3 18. Rxf3 g6 19. Raf1 Qe7 20. Rg3 Kh8 21. b4 Rae8 22. e4 f4 23. Rd3 Rf6 24. Qa4 a5 25. a3 axb4 26. axb4 g5 27. Qa7 Qd6 28. Rc1 g4 29. Be1 c5 30. b5 Rh6 31. Qb7 Nf6 32. Qc6 Rd8 33. Ra1 Nxe4 34. Ra8 Rxa8 35. Qxa8+ Kg7 36. Ra3 Rf6 37. Qc8 Rg6 38. Ra7+ Kh6 39. Qh8 Nf6 40. Bh4 f3 41. Bf2 Kg5 42. Be3+ Kf5 43. Qc8+ Ke4 44. Bf2 fxg2 45. Ra3 Nd7 46. Re3+ Kf4 47. Re2 Qe7 48. Kxg2 Kg5 49. Be3+ Kf5 50. Ra2 Rg7 51. Ra7 Ke4 52. Bf2 Qf7 53. Kg1 Qf5 54. Ra3 Qf4 55. Re3+ Kf5 56. Qc6 Qxc4 57. Qe6+ Kg5 58. h4+ Kh5 59. Qf5+ Kh6 60. Re4 Qc1+ 61. Re1 Qxe1+ 62. Bxe1 Rg6 63. Bd2+ Kg7 64. Qxd7+ Kg8 65. Qe8+ 1-0

[Event "EU-ch Blitz (Women)"]
[Site "Monaco"]
[Date "2024.01.12"]
[Round "11"]
[White "Rudzinska, Michalina"]
[Black "Hnatyshyn, Anastasiya"]
[Result "0-1"]
[WhiteElo "2241"]
[BlackElo "2152"]
[PlyCount "104"]
[EventDate "2024.01.12"]
[EventType "swiss (blitz)"]
[EventRounds "13"]
[EventCountry "MNC"]
[SourceTitle "CB03_2024"]
[SourceDate "2024.01.17"]
[SourceVersion "1"]
[SourceVersionDate "2024.01.17"]
[SourceQuality "1"]

1. e4 c6 2. d4 d5 3. e5 c5 4. c3 Nc6 5. Be2 Bf5 6. Nf3 e6 7. 0-0 Nge7 8. dxc5 Ng6 9. Bb5 Bxc5 10. Nd4 Bxd4 11. cxd4 Bxb1 12. Rxb1 0-0 13. Be3 Nge7 14. Bd3 Nf5 15. Bxf5 exf5 16. b4 Qd7 17. Qd2 Rfc8 18. b5 Nd8 19. a4 Ne6 20. Rfc1 a6 21. g3 Rxc1+ 22. Qxc1 axb5 23. axb5 h6 24. Qc2 Ng5 25. Bxg5 hxg5 26. b6 Rc8 27. Qd2 f4 28. Qd3 Rc6 29. Qf3 Qf5 30. Rd1 Rxb6 31. Qxd5 Rc6 32. Qf3 Rc2 33. Rb1 Rxf2 34. Kxf2 Qxb1 35. gxf4 Qb2+ 36. Kg3 Qxd4 37. fxg5 Qxe5+ 38. Kg4 b5 39. Qa8+ Kh7 40. Qa2 Qe4+ 41. Kg3 Qd3+ 42. Kg2 Qe4+ 43. Kg3 Qd3+ 44. Kg2 Qc4 45. Qb1+ g6 46. Qb2 b4 47. h3 Qc3 48. Qf2 Kg7 49. Qh4 b3 50. Qh6+ Kg8 51. Qh4 b2 52. Qe4 Qd2+ 0-1

[Event "Wch Blitz (Women)"]
[Site "Samarkand"]
[Date "2023.12.30"]
[Round "14"]
[White "Injac, Teodora"]
[Black "Rudzinska, Michalina"]
[Result "1-0"]
[WhiteElo "2447"]
[BlackElo "2241"]
[PlyCount "89"]
[EventDate "2023.12.29"]
[EventType "swiss (blitz)"]
[EventRounds "17"]
[EventCountry "UZB"]
[SourceTitle "CB01_2024"]
[SourceDate "2024.01.03"]
[SourceVersion "1"]
[SourceVersionDate "2024.01.03"]
[SourceQuality "1"]

1. Nf3 Nf6 2. c4 e6 3. g3 d5 4. Bg2 dxc4 5. Qa4+ Bd7 6. Qxc4 c5 7. Nc3 Bc6 8. e4 Be7 9. Qe2 0-0 10. 0-0 Nbd7 11. d4 Nb6 12. Rd1 Qc7 13. Bf4 Qc8 14. Rac1 Rd8 15. h3 Be8 16. a3 Na4 17. Nb5 Bxb5 18. Qxb5 Qd7 19. Qe2 Rac8 20. b3 Nb6 21. dxc5 Rxc5 22. Rxd7 Rxc1+ 23. Bxc1 Rxd7 24. Bb2 Bc5 25. b4 Be7 26. Ne5 Rc7 27. Kh2 h6 28. Bd4 Bd6 29. Bxb6 axb6 30. Nc4 Be7 31. e5 Nd5 32. Bxd5 exd5 33. Nxb6 d4 34. Nd5 Rd7 35. Nxe7+ Rxe7 36. Qe4 Rd7 37. Qd3 Kf8 38. f4 Ke7 39. Kg2 Ke6 40. Kf3 g6 41. a4 Kd5 42. Qb5+ Ke6 43. Ke4 Rd8 44. Qb6+ Ke7 45. Qxd8+ 1-0

[Event "Wch Blitz (Women)"]
[Site "Samarkand"]
[Date "2023.12.30"]
[Round "10"]
[White "Rudzinska, Michalina"]
[Black "Kaliakhmet, Elnaz"]
[Result "1-0"]
[WhiteElo "2241"]
[BlackElo "2068"]
[PlyCount "73"]
[EventDate "2023.12.29"]
[EventType "swiss (blitz)"]
[EventRounds "17"]
[EventCountry "UZB"]
[SourceTitle "CB01_2024"]
[SourceDate "2024.01.03"]
[SourceVersion "1"]
[SourceVersionDate "2024.01.03"]
[SourceQuality "1"]

1. e4 c5 2. Nf3 Nc6 3. d4 cxd4 4. Nxd4 Nf6 5. Nc3 d6 6. f3 e5 7. Nb3 Be7 8. Be3 Be6 9. Qd2 d5 10. exd5 Nxd5 11. Nxd5 Qxd5 12. Qxd5 Bxd5 13. 0-0-0 0-0-0 14. Bb5 a6 15. Bd3 Kc7 16. Kb1 g6 17. a4 f5 18. a5 Kb8 19. Bb6 Rd7 20. Bc4 Nd4 21. Nxd4 exd4 22. Rxd4 Bc6 23. Re1 Bf6 24. Rxd7 Bxd7 25. Rd1 Kc8 26. Bd5 Be8 27. Be6+ Kb8 28. Bd8 Be5 29. g3 Bc6 30. f4 Bg7 31. Bb6 Bf6 32. Bd5 Bxd5 33. Rxd5 Re8 34. Rd7 Re1+ 35. Ka2 Re2 36. Rf7 Re6 37. Rf8+ 1-0

[Event "Wch Blitz (Women)"]
[Site "Samarkand"]
[Date "2023.12.29"]
[Round "6"]
[White "Rudzinska, Michalina"]
[Black "Mamedjarova, Turkan"]
[Result "0-1"]
[WhiteElo "2241"]
[BlackElo "2226"]
[PlyCount "86"]
[EventDate "2023.12.29"]
[EventType "swiss (blitz)"]
[EventRounds "17"]
[EventCountry "UZB"]
[SourceTitle "CB01_2024"]
[SourceDate "2024.01.03"]
[SourceVersion "1"]
[SourceVersionDate "2024.01.03"]
[SourceQuality "1"]

1. e4 e5 2. Nf3 Nc6 3. Bb5 g6 4. 0-0 Bg7 5. c3 a6 6. Ba4 d6 7. h3 b5 8. Bb3 Nf6 9. Re1 0-0 10. d4 h6 11. Be3 Qe7 12. Nbd2 Bb7 13. d5 Nb8 14. c4 Nbd7 15. Rc1 b4 16. Bc2 Nh5 17. Nf1 Nf4 18. Qd2 Qf6 19. Qxb4 Rab8 20. Qd2 Nxh3+ 21. Kh2 Nf4 22. Ng3 h5 23. Ne2 g5 24. Ng3 g4 25. Nxe5 dxe5 26. c5 Bc8 27. Rh1 Re8 28. Kg1 Nf8 29. b3 N8g6 30. Nf5 Bxf5 31. exf5 Ne7 32. Be4 Nxf5 33. Bxf4 exf4 34. Qxf4 Nd4 35. Qe3 Bh6 36. Qd3 Bxc1 37. Rxh5 Bh6 38. d6 cxd6 39. cxd6 Rbd8 40. d7 Rxd7 41. Bh7+ Kg7 42. Qb1 Rde7 43. Kh2 Qf4+ 0-1

[Event "Wch Blitz (Women)"]
[Site "Samarkand"]
[Date "2023.12.29"]
[Round "8"]
[White "Rudzinska, Michalina"]
[Black "Naisanga Sheba Valentine"]
[Result "1-0"]
[WhiteElo "2241"]
[BlackElo "1303"]
[PlyCount "73"]
[EventDate "2023.12.29"]
[EventType "swiss (blitz)"]
[EventRounds "17"]
[EventCountry "UZB"]
[SourceTitle "CB01_2024"]
[SourceDate "2024.01.03"]
[SourceVersion "1"]
[SourceVersionDate "2024.01.03"]
[SourceQuality "1"]

1. e4 c5 2. Nf3 e6 3. d4 cxd4 4. Nxd4 Nc6 5. Nc3 Qc7 6. Be3 a6 7. Qf3 Nf6 8. 0-0-0 Be7 9. Qg3 Qxg3 10. hxg3 d6 11. f3 Bd7 12. g4 0-0-0 13. g5 Ne8 14. Bc4 Nc7 15. Bb3 Na5 16. Rh2 h6 17. gxh6 gxh6 18. Rxh6 Nxb3+ 19. axb3 Rxh6 20. Bxh6 Rh8 21. Be3 Rh2 22. g4 Ne8 23. b4 Nf6 24. b5 axb5 25. Ndxb5 Bc6 26. Nxd6+ Bxd6 27. Rxd6 Ne8 28. Rd3 Bd7 29. b3 Nc7 30. Kb2 Nb5 31. Na4 Bc6 32. Bf4 Nc7 33. Nb6+ Kb8 34. Bxh2 Bb5 35. Rd8+ Ka7 36. Bxc7 Bc6 37. Ra8# 1-0

[Event "Wch Rapid (Women)"]
[Site "Samarkand"]
[Date "2023.12.27"]
[Round "8"]
[White "Rudzinska, Michalina"]
[Black "Ushenina, Anna"]
[Result "0-1"]
[WhiteElo "2241"]
[BlackElo "2415"]
[PlyCount "72"]
[EventDate "2023.12.26"]
[EventType "swiss (rapid)"]
[EventRounds "11"]
[EventCountry "UZB"]
[SourceTitle "CB01_2024"]
[SourceDate "2024.01.03"]
[SourceVersion "1"]
[SourceVersionDate "2024.01.03"]
[SourceQuality "1"]

1. e4 c5 2. Nf3 a6 3. c4 Nc6 4. d4 cxd4 5. Nxd4 e5 6. Nc2 Bc5 7. Be3 Bxe3 8. Nxe3 d6 9. Nc3 Nge7 10. Bd3 0-0 11. 0-0 Be6 12. Qd2 Nd4 13. Ne2 Nec6 14. Nxd4 Nxd4 15. Nc2 Nxc2 16. Qxc2 Rc8 17. Qe2 Rc6 18. b3 Qa5 19. Rfd1 Rfc8 20. h3 h6 21. Rd2 Qa3 22. Rad1 a5 23. Bb1 a4 24. Qe3 Qb4 25. Rd3 axb3 26. axb3 b5 27. cxb5 Qxb5 28. Rxd6 Rxd6 29. Rxd6 Qxb3 30. Bd3 Qd1+ 31. Kh2 Rc1 32. Be2 Qh1+ 33. Kg3 Rg1 34. Rd8+ Kh7 35. Kh4 Qxg2 36. Rd3 Qg5+ 0-1

[Event "Wch Rapid (Women)"]
[Site "Samarkand"]
[Date "2023.12.26"]
[Round "3"]
[White "Rudzinska, Michalina"]
[Black "Narva, Mai"]
[Result "0-1"]
[WhiteElo "2241"]
[BlackElo "2403"]
[PlyCount "84"]
[EventDate "2023.12.26"]
[EventType "swiss (rapid)"]
[EventRounds "11"]
[EventCountry "UZB"]
[SourceTitle "CB01_2024"]
[SourceDate "2024.01.03"]
[SourceVersion "1"]
[SourceVersionDate "2024.01.03"]
[SourceQuality "1"]

1. e4 c5 2. Nf3 Nc6 3. d4 cxd4 4. Nxd4 Nf6 5. Nc3 e5 6. Ndb5 d6 7. Nd5 Nxd5 8. exd5 Nb8 9. a4 Be7 10. Be2 0-0 11. Bd2 a6 12. Na3 a5 13. Bb5 Nd7 14. Qe2 Nb6 15. c4 f5 16. 0-0-0 Nd7 17. b3 Nc5 18. Kb2 Bf6 19. Ka2 f4 20. f3 Bf5 21. g4 Bd3 22. Qg2 e4 23. Rhe1 e3 24. Bc1 Qe7 25. Bb2 e2 26. Rc1 Qe3 27. Bxf6 Rxf6 28. Nb1 Nxb3 29. Kxb3 Bxc4+ 30. Kxc4 Rc8+ 31. Bc6 bxc6 32. Rc3 cxd5+ 33. Kb3 Rxc3+ 34. Nxc3 d4 35. Rxe2 Qxc3+ 36. Ka2 d3 37. Rb2 Re6 38. Qf2 Qc4+ 39. Ka3 Re2 40. Rb8+ Kf7 41. Qa7+ Kg6 42. Rb3 Qc1+ 0-1

[Event "EU-chT (Women) 24th"]
[Site "Budva"]
[Date "2023.11.14"]
[Round "4.4"]
[White "Rudzinska, Michalina"]
[Black "Blagojevic, Tijana"]
[Result "0-1"]
[WhiteElo "2246"]
[BlackElo "2178"]
[PlyCount "126"]
[EventDate "2023.11.11"]
[EventType "team-swiss"]
[EventRounds "9"]
[EventCountry "MNE"]
[SourceTitle "CB47_2023"]
[SourceDate "2023.11.22"]
[SourceVersion "1"]
[SourceVersionDate "2023.11.22"]
[SourceQuality "1"]
[WhiteTeam "Poland (W)"]
[BlackTeam "Serbia (W)"]
[WhiteTeamCountry "POL"]
[BlackTeamCountry "SRB"]

1. e4 e5 2. Nf3 Nc6 3. Bb5 a6 4. Ba4 Bc5 5. c3 Nge7 6. d4 exd4 7. cxd4 Bb4+ 8. Nc3 d5 9. exd5 Qxd5 10. 0-0 Bxc3 11. bxc3 Bg4 12. Bb3 Bxf3 13. Qxf3 Qxf3 14. gxf3 0-0 15. Re1 Ng6 16. Re4 Na5 17. Ba3 Nxb3 18. axb3 f5 19. Re3 Rfd8 20. Rd1 Rd7 21. c4 a5 22. d5 a4 23. b4 b5 24. cxb5 Rb8 25. Rc3 Rxb5 26. Rc5 Rb8 27. d6 Rxd6 28. Ra1 Rbd8 29. Rxc7 Nf4 30. Re1 Rd1 31. Rce7 R8d3 32. Bc1 Nd5 33. Re8+ Kf7 34. R8e5 Rxe1+ 35. Rxe1 Nxb4 36. Kg2 a3 37. Re5 g6 38. Ra5 Nc2 39. Kg3 Ke6 40. h4 h5 41. Kf4 Nd4 42. Bxa3 Rxf3+ 43. Kg5 Rxf2 44. Kxg6 Rg2+ 45. Kxh5 f4 46. Bc5 Nf5 47. Ba7 f3 48. Ra6+ Kf7 49. Ra5 Ng7+ 50. Kh6 Rg6+ 51. Kh7 Ne8 52. Bd4 Nf6+ 53. Bxf6 Rxf6 54. Ra7+ Ke6 55. Kg7 Rf4 56. Ra6+ Kf5 57. h5 f2 58. Ra1 Rg4+ 59. Kh7 Rg1 60. Ra8 f1Q 61. Rf8+ Kg5 62. Rxf1 Rxf1 63. h6 Rh1 0-1